ბათუმის შოთა რუსთაველის სახელმწიფო უნივერსიტეტის ბიბლიოთეკა

წყლის ეკოლოგია / (ბიბ.ჩანაწერი № 57266)

000 -ლიდერი
ფიქსირებული სიგრძის საკონტროლო ველი 01052nam a22002297a 4500
003 - საკონტროლო ნომრის იდენტიფიკატორი
საკონტროლო ველი Ge_BSU
005 - ბოლო ოპერაციის თარიღი და დრო
საკონტროლო ველი 20200130112411.0
008 - ფიქსირებული სიგრძის მონაცემთა ელემენტები - ზოგადი ინფორმაცია
ფიქსირებული სიგრძის საკონტროლო ველი 200130s2009 ||||| |||| 00| 0 geo d
020 ## - წიგნის საერთაშორისო სტანდარტული ნომერი
International Standard Book Number 9789941145131
041 ## - ენის კოდი
Language code of text/sound track or separate title geo
080 ## - უნივერსალური ათობითი კლასიფიკაციის ინდექსი
Universal Decimal Classification number 502.5 : 574.5 ნ-37
100 ## - მთავარი ჩანაწერი - პიროვნების სახელი
Personal name ნაცვლიშვილი, მ
9 (RLIN) 6519
245 ## - ცნობა სათაურის შესახებ
Title წყლის ეკოლოგია /
Statement of responsibility, etc მ. ნაცვლიშვილი ; ლ. კლიმიაშვილი ; ნ. ნაცვლიშვილი.
264 ## - წარმოების, გამოცემის, დისტრიბუციის და სხვა ცნობები
გამოცემის, წარმოების, დისტრიბუციის... ადგილი თბილისი :
გამოცემის, წარმოების, დისტრიბუციის... სახელწოდება ტექნიკური უნივერსიტეტი,
გამოცემის, წარმოების, დისტრიბუციის... თარიღი 2009.
300 ## - ფიზიკური აღწერა
Extent 238 გვ. :
Other physical details ნახ. ;
Dimensions 20 სმ.
504 ## - BIBLIOGRAPHY, ETC. NOTE
Bibliography, etc ბიბლიოგრაფია: 233-234
653 ## - INDEX TERM--UNCONTROLLED
Uncontrolled term წყლის ეკოლოგია
700 ## - ADDED ENTRY--PERSONAL NAME
Personal name კლიმიაშვილი, ლ
9 (RLIN) 1932
700 ## - ADDED ENTRY--PERSONAL NAME
Personal name ნაცვლიშვილი, ნ
9 (RLIN) 6520
710 ## - ADDED ENTRY--CORPORATE NAME
Relator term საქართველოს ტექნიკური უნივერსიტეტი
9 (RLIN) 6521
942 ## - ADDED ENTRY ELEMENTS (KOHA)
Source of classification or shelving scheme
Koha item type წიგნი
ეგზემპლარები
ჩამოწერის სტატუსი დაკარგული ეგზემპლარის სტატუსი კლასიფიკაციის წყარო ან თაროზე გაწყობის სქემა დაზიანების სტატუსი არ გაიცემა მუდმივი მდებარეობა (დაცვის ადგილი) ამჟამინდელი ადგილსამყოფელი თაროზე განთავსების ადგილი შეძენის თარიღი ღირებულება, შესყიდვის ნორმალური ფასი სრული შენახვის შიფრი შტრიხკოდი ბოლო ოპერაციის თარიღი ეგზემპლარის მიმდევრობითი ნომერი (კეტერი?) ფასის ძალაში შესვლის თარიღი ეგზემპლარის სახეობა საჯარო შენიშვნა
          ბათუმის შოთა რუსთაველის სახელმწიფო უნივერსიტეტის მთავარი ბიბლიოთეკა ტექნოლოგიური ფაკულტეტის ბიბლიოთეკა წიგნსაცავი 2020-01-30 10.00 502.5 : 574.5 ნ-37 60388 2020-01-30 60388 2020-01-30 წიგნი 10.00